Top songs of 2015 - Statistics

General Stats
  • This quiz has been taken 113 times
  • The average score is 55 of 100
Answer Stats
# Hint Answer % Correct
1 Uptown Funk Mark Ronson ft. Bruno Mars
99%
7 Blank Space Taylor Swift
96%
18 Shake It Off Taylor Swift
96%
29 Style Taylor Swift
96%
57 Wildest Dreams Taylor Swift
96%
75 Marvin Gaye Charlie Puth ft. Meghan Trainor
89%
15 Bad Blood Taylor Swift ft. Kendrick Lamar
89%
2 Thinking Out Loud Ed Sheeran
88%
34 Photograph Ed Sheeran
88%
92 Don't Ed Sheeran
88%
52 Elastic Heart Sia
88%
90 Chandelier Sia
88%
9 Earned It The Weeknd
88%
10 The Hills The Weeknd
88%
12 Can't Feel My Face The Weeknd
88%
3 See You Again Wiz Khalifa ft. Charlie Puth
88%
88 Blessings Big Sean ft. Drake & Kanye West
87%
51 Only Nicki Minaj ft. Drake, Lil Wayne & Chris Brown
87%
47 I Don't Fuck With You Big Sean ft. E-40
86%
30 Hotline Bling Drake
86%
99 Back to Back Drake
86%
82 Tuesday ILoveMakonnen ft. Drake
86%
66 Truffle Butter Nicki Minaj ft. Drake & Lil Wayne
86%
35 Hello Adele
85%
5 Sugar Maroon 5
84%
46 Animals Maroon 5
84%
22 Lips Are Movin Meghan Trainor
84%
28 All About That Bass Meghan Trainor
84%
74 Dear Future Husband Meghan Trainor
84%
97 She Knows Ne-Yo ft. Juicy J
84%
55 I Don't Mind Usher ft. Juicy J
84%
14 Take Me to Church Hozier
82%
33 What Do You Mean? Justin Bieber
82%
56 Love Me Harder Ariana Grande & The Weeknd
79%
13 Love Me Like You Do Ellie Goulding
78%
48 Bitch Better Have My Money Rihanna
78%
42 FourFiveSeconds Rihanna, Kanye West & Paul McCartney
78%
80 Bang Bang Jessie J, Ariana Grande & Nicki Minaj
76%
16 Lean On Major Lazer & DJ Snake ft. MØ
76%
36 Stitches Shawn Mendes
76%
26 I'm Not the Only One Sam Smith
74%
58 Stay With Me Sam Smith
74%
81 Lay Me Down Sam Smith
74%
19 Where Are Ü Now Skrillex & Diplo ft. Justin Bieber
74%
67 One Last Time Ariana Grande
68%
65 Drag Me Down One Direction
60%
98 Night Changes One Direction
60%
37 Talking Body Tove Lo
59%
77 Habits (Stay High) Tove Lo
59%
11 Cheerleader OMI
57%
4 Trap Queen Fetty Wap
55%
44 My Way Fetty Wap ft. Monty
55%
21 679 Fetty Wap ft. Remy Boyz
55%
31 Hey Mama David Guetta ft. Nicki Minaj, Bebe Rexha & Afrojack
54%
69 All Eyes on You Meek Mill ft. Chris Brown & Nicki Minaj
54%
43 Centuries Fall Out Boy
51%
60 Uma Thurman Fall Out Boy
51%
62 The Heart Wants What It Wants Selena Gomez
49%
71 Riptide Vance Joy
49%
53 Cool for the Summer Demi Lovato
47%
76 Like I'm Gonna Lose You Meghan Trainor ft. John Legend
47%
23 Worth It Fifth Harmony ft. Kid Ink
45%
39 Time of Our Lives Pitbull & Ne-Yo
45%
38 Jealous Nick Jonas
41%
68 Chains Nick Jonas
41%
61 7/11 Beyoncé
40%
100 How Deep Is Your Love Calvin Harris & Disciples
40%
6 Shut Up and Dance Walk the Moon
39%
27 Good for You Selena Gomez ft. Asap Rocky
36%
89 Budapest George Ezra
34%
32 G.D.F.R. Flo Rida ft. Sage the Gemini & Lookas
33%
20 Fight Song Rachel Platten
29%
86 ayo Chris Brown & Tyga
28%
24 Post to Be Omarion ft. Chris Brown & Jhené Aiko
28%
8 Watch Me Silentó
28%
73 Ex's & Oh's Elle King
27%
17 Want to Want Me Jason Derulo
27%
40 Locked Away R. City ft. Adam Levine
27%
91 Heartbeat Song Kelly Clarkson
23%
78 The Hanging Tree James Newton Howard ft. Jennifer Lawrence
22%
84 Downtown Macklemore & Ryan Lewis ft. Eric Nally, Melle Mel, Kool Moe Dee & Grandmaster Caz
21%
94 Here Alessia Cara
20%
59 You Know You Like It DJ Snake & AlunaGeorge
20%
25 Honey, I'm Good Andy Grammer
18%
93 Ghost Ella Henderson
15%
54 Renegades X Ambassadors
15%
96 El Perdón Nicky Jam & Enrique Iglesias
13%
70 No Type Rae Sremmurd
13%
95 Waves Mr Probz
12%
87 Kick the Dust Up Luke Bryan
10%
49 Flex Rich Homie Quan
10%
63 Girl Crush Little Big Town
9%
45 Take Your Time Sam Hunt
9%
85 House Party Sam Hunt
9%
64 Slow Motion Trey Songz
9%
41 Somebody Natalie La Rose ft. Jeremih
6%
72 Classic Man Jidenna ft. Roman GianArthur
5%
83 Hit the Quan iLoveMemphis
4%
50 Nasty Freestyle T-Wayne
3%
79 CoCo O.T. Genasis
2%
No matching quizzes found
Score Distribution
Percent of People with Each Score
Percentile by Number Answered
Your Score History
You have not taken this quiz